Third Five Year Plan (Record no. 588996)

MARC details
000 -LEADER
fixed length control field 00374nam a2200145Ia 4500
008 - FIXED-LENGTH DATA ELEMENTS--GENERAL INFORMATION
fixed length control field 100415s9999 xx 000 0 und d
082 ## - DEWEY DECIMAL CLASSIFICATION NUMBER
Item number 6026
Classification number 338(54)
100 ## - MAIN ENTRY--PERSONAL NAME
Personal name Planning Commission
245 ## - TITLE STATEMENT
Title Third Five Year Plan
260 ## - PUBLICATION, DISTRIBUTION, ETC. (IMPRINT)
Place of publication, distribution, etc NEW DELHI
Date of publication, distribution, etc 1961
Name of publisher, distributor, etc GOVT. OF INDIA
365 ## - TRADE PRICE
Price amount 0
630 ## - SUBJECT ADDED ENTRY--UNIFORM TITLE
Uniform title Third Five Year Plan
730 ## - ADDED ENTRY--UNIFORM TITLE
Uniform title Third Five Year Plan
942 ## - ADDED ENTRY ELEMENTS (KOHA)
Koha item type Book
Holdings
Withdrawn status Lost status Damaged status Not for loan Home library Current library Date acquired Cost, normal purchase price Total Checkouts Full call number Barcode Date last seen Price effective from Koha item type
        Bombay Natural History Society Bombay Natural History Society 10/20/1961 0.00   338(54) 6026 BNHS-6026 04/15/2010 04/15/2010 Book